Multinational finance (Record no. 3439)

MARC details
005 - DATE AND TIME OF LATEST TRANSACTION
control field 20250607122309.0
020 ## - INTERNATIONAL STANDARD BOOK NUMBER
International Standard Book Number 978-0-273-68209-7
082 ## - DEWEY DECIMAL CLASSIFICATION NUMBER
Classification number LECT 658.159 BUC
100 ## - MAIN ENTRY--PERSONAL NAME
Author name BUCKLEY, A.
245 ## - TITLE STATEMENT
Title Multinational finance
250 ## - EDITION STATEMENT
Edition statement 5th Ed.
260 ## - PUBLICATION, DISTRIBUTION, ETC.
Place of publication, distribution, etc. Harlow,
Name of publisher, distributor, etc. Prentice Hall,
Date of publication, distribution, etc. 2004.
300 ## - PHYSICAL DESCRIPTION
Extent xvii, 788p.: ill.; chart, figure, graph, picture, table.
Other physical details Glossary & Index,
Dimensions 25cm.
856 ## - ELECTRONIC LOCATION AND ACCESS
Link text Access online book
Electronic name Multinational finance
Path http.://www.pearsoned.co.uk
942 ## - ADDED ENTRY ELEMENTS (KOHA)
Source of classification or shelving scheme Dewey Decimal Classification
Koha item type Books
Holdings
Date last seen Total checkouts Full call number Barcode Cost, replacement price Price effective from Koha item type Lost status Source of classification or shelving scheme Damaged status Not for loan Withdrawn status Home library Current library Shelving location Date acquired Cost, normal purchase price
06/07/2025   LECT 658.159 BUC 00000011581 153000.00 06/07/2025 Books   Dewey Decimal Classification       College of Business Education Main Library College of Business Education Main Library General Collection 10/27/2005 51000.00
06/07/2025   LECT 658.159 BUC 00000011582 153000.00 06/07/2025 Books   Dewey Decimal Classification       College of Business Education Main Library College of Business Education Main Library General Collection 10/27/2005 51000.00